| 000 | 00606nam a2200169Ia 4500 | ||
|---|---|---|---|
| 008 | 090201s9999 xx 000 0 und d | ||
| 010 | _aKPL-47414 | ||
| 040 | _bमराठी | ||
| 041 | _aमराठी | ||
| 082 |
_a31001 _b47414 |
||
| 100 | _aअमरेंद्र गाडगीळ | ||
| 245 |
_aमोडली मांडली क्षेत्रे _cअमरेंद्र गाडगीळ |
||
| 260 |
_c2004 _bसन पब्लिकेशन्स |
||
| 300 |
_a192 _bमोठा |
||
| 600 | _aमोडली मांडली क्षेत्रे | ||
| 942 | _cBOOK | ||
| 999 |
_c229499 _d229499 |
||